| 000 | 01716cam a2200289 4500500 | ||
|---|---|---|---|
| 005 | 20260426012232.0 | ||
| 041 | _afre | ||
| 042 | _adc | ||
| 100 | 1 | 0 |
_aJobin, Sylvie _eauthor |
| 245 | 0 | 0 | _aUn espace commun ou une prise en charge pour chacun ? |
| 260 | _c2007. | ||
| 500 | _a3 | ||
| 520 | _aRésuméDifférentes illustrations cliniques montrent la nécessité d’adapter nos prises en charge au lien particulier qui existe entre les jeunes jumeaux et leur mère.Nous sommes habitués à considérer la dyade mère-enfant, et nous sommes ici confrontés à l’intervention d’un tiers dans cette relation première. La consultation individuelle est parfois nécessaire dans le cas du handicap d’un des jumeaux, mais nous nous devons de leur ouvrir un espace de travail en commun. | ||
| 520 | _aVarious clinic pictures show that we need to adapt our consultation to the particular link between young twins and their mothers. We are used to consider the dyad mother-infant and we are faced here with the intervention of another person in this first relationship. The individual consultation may sometime be necessary, in case of handicap of one of the twins. However, we have to offer them a place to work together. | ||
| 690 | _ahandicap | ||
| 690 | _ajumeaux | ||
| 690 | _apetite enfance | ||
| 690 | _aprise en charge | ||
| 690 | _arelation mère-enfant | ||
| 690 | _aconsultation | ||
| 690 | _ahandicap | ||
| 690 | _alittle childhood | ||
| 690 | _amother-infant relationship | ||
| 690 | _atwins | ||
| 786 | 0 | _nEnfances & Psy | 34 | 1 | 2007-03-15 | p. 79-88 | 1286-5559 | |
| 856 | 4 | 1 | _uhttps://shs.cairn.info/revue-enfances-et-psy-2007-1-page-79?lang=fr&redirect-ssocas=7080 |
| 999 |
_c2223746 _d2223746 |
||